Offshore Financial Centres, Tax Havens and Location of Banks’ Claims

Objasňovanie identickosť offshore finančných centier(OFC) a daňových rajov. Zisťovanie, či centrá, ktoré sú zároveň finančnými centrami a daňovými rajmi priťahujú viac pohľadávok bankového sektora. Zabezpečovanie bánk, aktív a potenciálna úloha OFC a daňových rajov v tomto procese. Empirický výskum...

Descrizione completa

Salvato in:
Dettagli Bibliografici
Autore principale: Kubicová, Jana, 1961-
Natura: Capitolo di libro
Lingua:inglese
Soggetti:
Tags: Aggiungi Tag
Nessun Tag, puoi essere il primo ad aggiungerne!!

MARC

LEADER 00000nla a2200000 4500
001 0241320
005 20240502083647.5
041 0 |a eng 
044 |a CZ 
245 1 0 |a Offshore Financial Centres, Tax Havens and Location of Banks’ Claims  |c Jana Kubicová 
520 |a Objasňovanie identickosť offshore finančných centier(OFC) a daňových rajov. Zisťovanie, či centrá, ktoré sú zároveň finančnými centrami a daňovými rajmi priťahujú viac pohľadávok bankového sektora. Zabezpečovanie bánk, aktív a potenciálna úloha OFC a daňových rajov v tomto procese. Empirický výskum lokácie bankových aktív, OFC a daňových rajov. 
610 2 0 |a offshoring 
610 2 0 |a raje daňové 
610 2 0 |a banky 
610 2 0 |a súvaha 
610 2 0 |a tabuľky kontingenčné 
100 1 |a Kubicová, Jana, 1961-